Größte Städte des Regierungsbezirks Koblenz - Statistiken

Allgemein
  • Dieses Quiz wurde 107 mal gespielt
  • Das Durchschnittsergebnis liegt bei 12 aus 20
Antwortstatistiken
Einwohner Kreis Stadt % Korrekt
64.765 Neuwied Neuwied
100%
28.468 Ahrweiler Bad Neuenahr-Ahrweiler
97%
19.162 Mayen-Koblenz Mayen
97%
114.052 kreisfrei Koblenz
95%
51.170 Bad Kreuznach Bad Kreuznach
89%
29.922 Mayen-Koblenz Andernach
75%
18.042 Rhein-Lahn-Kreis Lahnstein
73%
13.998 Westerwaldkreis Montabaur
68%
9.689 Rhein-Lahn-Kreis Bad Ems
58%
15.413 Rhein-Hunsrück-Kreis Boppard
58%
17.630 Ahrweiler Sinzig
58%
17.116 Ahrweiler Remagen
54%
28.520 Birkenfeld Idar-Oberstein
48%
16.888 Mayen-Koblenz Bendorf
46%
9.531 Ahrweiler Bad Breisig
42%
11.215 Mayen-Koblenz Mülheim-Kärlich
41%
11.084 Rhein-Lahn-Kreis Diez
38%
9.261 Westerwaldkreis Höhr-Grenzhausen
30%
10.064 Altenkirchen Betzdorf
24%
10.977 Ahrweiler Grafschaft
23%
Keine übereinstimmenden Quizze gefunden
Verteilung der Resultate
Anzahl Personen mit jedem Resultat
Perzentil nach korrekt beantworteten Fragen
Ihre Resultats-Entwicklung
Sie haben dieses Quiz noch nicht gespielt